[Event "Xtracon Chess Open 2019"]
[Site "Helsingor DEN"]
[Date "2019.07.22"]
[Round "4.25"]
[White "Keinanen, Toivo"]
[Black "Crevatin, Leo"]
[Result "1/2-1/2"]
[WhiteTitle "FM"]
[BlackTitle "CM"]
[WhiteElo "2386"]
[BlackElo "2146"]
[WhiteFideId "509825"]
[BlackFideId "1726307"]
[EventDate "2019.07.20"]

1. d4 d5 2. c4 e6 3. Nf3 a6 4. cxd5 exd5 5. Nc3 Nf6 6. Bg5 Be6 7. e3 Nbd7 8. Bd3
Bd6 9. O-O O-O 10. Qc2 h6 11. Bf4 Qe7 12. Na4 c6 13. Rac1 Rac8 14. Qb3 b5 15.
Bxd6 Qxd6 16. Nc5 Nxc5 17. dxc5 Qc7 18. Qc3 a5 19. a3 a4 20. h3 Rfe8 21. Rfd1
Rcd8 22. Bb1 Bc8 23. Rd4 Qe7 24. b3 axb3 25. Qxb3 Be6 26. a4 bxa4 27. Qxa4 Qc7
28. Bd3 Ra8 29. Qc2 Reb8 30. Ra4 Nd7 31. Nd4 Qb7 32. Bf1 Nf8 33. Rca1 Bd7 34.
Rxa8 Rxa8 35. Rb1 Qc7 36. Qb2 Ne6 37. Qb6 Qxb6 38. cxb6 c5 39. Nf3 f6 40. Ba6
Bc6 41. b7 Rb8 42. Rb6 Nd8 43. Ne1 Kf8 44. Nd3 Ke7 45. Nxc5 Kd6 46. Nd3 Kc7 47.
Rb4 Bxb7 48. Bxb7 Rxb7 49. Rxb7+ Kxb7 50. Nb4 d4 51. exd4 Ne6 52. d5 Nc7 53. Kh2
Kb6 54. Nd3 Nxd5 55. Kg3 Kc6 56. Nf4 Kd6 1/2-1/2

[Event "Xtracon Chess Open 2019"]
[Site "Helsingor DEN"]
[Date "2019.07.22"]
[Round "4.26"]
[White "Nilsson, Eskil"]
[Black "Zude, Erik"]
[Result "0-1"]
[BlackTitle "IM"]
[WhiteElo "2053"]
[BlackElo "2385"]
[WhiteFideId "1716220"]
[BlackFideId "4604644"]
[EventDate "2019.07.20"]

1. e4 c5 2. Nf3 d6 3. Bb5+ Nd7 4. c3 a6 5. Ba4 Nf6 6. Qe2 e6 7. O-O b5 8. Bc2
Bb7 9. d4 Be7 10. Rd1 Qc7 11. a4 O-O 12. Bg5 h6 13. Bh4 Bc6 14. Nbd2 Rfe8 15.
axb5 axb5 16. b4 c4 17. Qe1 Qb7 18. e5 dxe5 19. dxe5 Nd5 20. Bxe7 Nxe7 21. Ne4
Rxa1 22. Rxa1 Ra8 23. Nd6 Rxa1 24. Qxa1 Qb8 25. Qe1 Bxf3 26. gxf3 Nd5 27. Qe4
Kf8 28. Qd4 g5 29. h4 Ke7 30. Kh2 Nxe5 31. Qxe5 Qxd6 32. Qxd6+ Kxd6 33. hxg5
hxg5 34. Kg3 Nxc3 0-1

[Event "Xtracon Chess Open 2019"]
[Site "Helsingor DEN"]
[Date "2019.07.22"]
[Round "4.45"]
[White "Bratholm, Palle"]
[Black "Heimisson, Hilmir Freyr"]
[Result "1/2-1/2"]
[BlackTitle "FM"]
[WhiteElo "2052"]
[BlackElo "2279"]
[WhiteFideId "1404083"]
[BlackFideId "2309998"]
[EventDate "2019.07.20"]

1. d4 Nf6 2. c4 e6 3. Nc3 Bb4 4. e3 O-O 5. Bd3 c5 6. Ne2 d5 7. O-O cxd4 8. exd4
dxc4 9. Bxc4 b6 10. d5 Bxc3 11. Nxc3 exd5 12. Bxd5 Nxd5 13. Qxd5 Qxd5 14. Nxd5
Na6 15. Bf4 Be6 16. Rfd1 Rfd8 17. Nc3 Nb4 18. Bd6 Nc6 19. Rac1 Rac8 20. h3 f6
21. Bf4 Nb4 22. Rxd8+ Rxd8 23. Be3 Rd7 24. b3 Kf7 25. a3 Nd3 26. Rb1 f5 27. Ne2
h6 28. h4 Ne5 29. Nd4 Ng4 30. Nxe6 Nxe3 31. Nxg7 Nxg2 32. Nxf5 Nf4 33. Nxh6+ Kg6
34. Ng4 Kf5 35. Ne3+ Ke4 36. Nf1 Nd3 37. Ng3+ Kd4 38. Ne2+ Ke4 39. Kg2 Rf7 40.
Ng3+ Kd4 41. Ne2+ Ke4 42. Ng3+ 1/2-1/2

[Event "Xtracon Chess Open 2019"]
[Site "Helsingor DEN"]
[Date "2019.07.22"]
[Round "4.62"]
[White "Digernes, Magnus"]
[Black "Kvaloy, Aksel Bu"]
[Result "0-1"]
[WhiteElo "1997"]
[BlackElo "2205"]
[WhiteFideId "1514873"]
[BlackFideId "1528815"]
[EventDate "2019.07.20"]

1. d4 d5 2. c4 e6 3. Nc3 Bb4 4. cxd5 exd5 5. Bf4 Nf6 6. e3 Ne4 7. Qa4+ Nc6 8.
Bb5 Bd7 9. Ne2 Nxc3 10. bxc3 Be7 11. Qc2 Be6 12. O-O Qd7 13. Bd3 h5 14. e4 g5
15. Bd2 dxe4 16. Bxe4 f5 17. d5 fxe4 18. dxc6 Qxc6 19. Nd4 Qd7 20. Nxe6 Qxe6 21.
Be3 O-O-O 22. Bxa7 b6 23. a4 Kb7 24. a5 Kxa7 25. axb6+ Kb8 26. Qa4 cxb6 27. Qa8+
Kc7 28. Ra7+ Kd6 29. Qb7 Rc8 30. Qxb6+ Ke5 31. f4+ gxf4 32. Ra5+ Rc5 33. Rxc5+
Bxc5+ 34. Qxc5+ Qd5 35. Qe7+ Kf5 36. h4 Rg8 37. Qh7+ Kg4 38. Qh6 f3 39. gxf3+
exf3 40. Qf6 Kh3+ 41. Kf2 Rg2+ 42. Ke3 Re2+ 43. Kf4 Re4+ 44. Kxf3 Re6+ 0-1

[Event "Xtracon Chess Open 2019"]
[Site "Helsingor DEN"]
[Date "2019.07.22"]
[Round "4.64"]
[White "Liu, Casper"]
[Black "Andersson, Lars"]
[Result "1-0"]
[WhiteElo "2194"]
[BlackElo "1990"]
[WhiteFideId "1454153"]
[BlackFideId "1706772"]
[EventDate "2019.07.20"]

1. e4 c6 2. Nf3 d5 3. exd5 cxd5 4. Ne5 Nf6 5. d4 g6 6. Bd3 Nc6 7. c3 Bg7 8. f4
Bf5 9. Bxf5 gxf5 10. O-O Qc7 11. Nd2 e6 12. Qa4 O-O 13. Rf3 Ne4 14. Rh3 f6 15.
Nxe4 fxe4 16. Nxc6 bxc6 17. f5 e5 18. Qd1 Rf7 19. Qh5 Bf8 20. Be3 c5 21. dxe5
Qxe5 22. Rd1 Rd8 23. Rg3+ Rg7 24. Rxg7+ Kxg7 25. Qg4+ Kh8 26. Bf4 Qe7 27. Be3
Qe5 28. Bf4 Qe8 29. Qe2 d4 30. Qc4 e3 31. cxd4 cxd4 32. Qd3 Bc5 33. b4 Bb6 34.
Bg3 Rc8 35. Be1 Qc6 36. a3 Qc4 37. Qxc4 Rxc4 38. Rd3 Kg7 39. Kf1 Kh6 40. Bh4 Bd8
41. g4 Kg7 42. Bg3 Bb6 43. Ke2 a5 44. Bd6 Kf7 45. Bc5 Bxc5 46. bxc5 h6 47. Rd1
Ke7 48. Kd3 Ra4 49. Ra1 e2 50. Kxe2 d3+ 51. Kxd3 Rxg4 52. Re1+ Kd7 53. Re6 Ra4
54. c6+ Kc7 55. Rxf6 Rxa3+ 56. Kc4 Rh3 57. Kb5 Rxh2 58. Rf7+ Kc8 59. Kxa5 Rf2
60. Kb6 Rb2+ 61. Kc5 Rf2 62. Kd6 Rd2+ 63. Ke7 h5 64. Rh7 Kc7 65. Rxh5 Kxc6 66.
f6 Re2+ 67. Kf8 Kd6 68. f7 Rg2 69. Rh7 1-0

[Event "Xtracon Chess Open 2019"]
[Site "Helsingor DEN"]
[Date "2019.07.22"]
[Round "4.72"]
[White "Rendlev, Niels Moller"]
[Black "Jensen, Jonbert M. S."]
[Result "1-0"]
[WhiteElo "1721"]
[BlackElo "1461"]
[WhiteFideId "1409042"]
[BlackFideId "1435914"]
[EventDate "2019.07.20"]

1. f4 e6 2. Nf3 Nc6 3. g3 d5 4. Bg2 Bc5 5. d4 Bb6 6. c3 Nge7 7. Nbd2 a5 8. Qc2
Nf5 9. Nf1 Ba7 10. e4 dxe4 11. Qxe4 Nce7 12. Ne3 Nxe3 13. Bxe3 Qd5 14. Qc2 Nf5
15. Bf2 c5 16. O-O c4 17. Ne5 Qb5 18. Rfe1 O-O 19. Qe2 Nd6 20. Rad1 f6 21. Nf3
Rb8 22. h3 Qe8 23. g4 b5 24. Bg3 Bd7 25. Kh2 Rd8 26. f5 Qe7 27. fxe6 Bc8 28. d5
Bb8 29. Nd4 Bb7 30. Nf5 Nxf5 31. Bxb8 Rxb8 32. gxf5 Rfd8 33. Rd4 Rd6 34. Red1
Ba6 35. Qh5 h6 36. Bf3 b4 37. Rg1 bxc3 38. bxc3 Qe8 39. Qxh6 Rb7 40. Qxf6 Qb8
41. Kh1 Qf8 42. Qxf8+ Kxf8 43. Rdg4 1-0

[Event "Xtracon Chess Open 2019"]
[Site "Helsingor DEN"]
[Date "2019.07.22"]
[Round "4.81"]
[White "Laustsen, Lars"]
[Black "Rempe, Jonas"]
[Result "1/2-1/2"]
[WhiteElo "2137"]
[BlackElo "1839"]
[WhiteFideId "1407554"]
[BlackFideId "16202406"]
[EventDate "2019.07.20"]

1. d4 Nf6 2. c4 g6 3. g3 Bg7 4. Bg2 O-O 5. Nc3 d6 6. Nf3 Nbd7 7. O-O e5 8. e4 c6
9. h3 Qb6 10. c5 dxc5 11. dxe5 Ne8 12. e6 fxe6 13. Ng5 Ndf6 14. e5 Nd5 15. f4
c4+ 16. Kh2 Nxc3 17. bxc3 Nc7 18. Ba3 Re8 19. Rb1 Qa6 20. Bc5 Nd5 21. Qc2 Qa5
22. Bb4 Qa6 23. Rfe1 b5 24. Be4 Rd8 25. Rbd1 Qb6 26. h4 h6 27. Nf3 Bb7 28. Qe2
c5 29. Bxd5 Bxd5 30. Ba3 Qc6 31. Nd2 a5 32. Bc1 Rd7 1/2-1/2

[Event "Xtracon Chess Open 2019"]
[Site "Helsingor DEN"]
[Date "2019.07.22"]
[Round "4.82"]
[White "Van den Bersselaar, Jeroen"]
[Black "Iskos, Lukas"]
[Result "1-0"]
[WhiteElo "2161"]
[BlackElo "1622"]
[WhiteFideId "1006282"]
[BlackFideId "1461613"]
[EventDate "2019.07.20"]

1. d4 Nf6 2. Nf3 d5 3. c4 e6 4. g3 c5 5. cxd5 exd5 6. Bg2 Nc6 7. O-O cxd4 8.
Nxd4 Bc5 9. Nb3 Bb6 10. Nc3 d4 11. Na4 O-O 12. Bg5 Be6 13. Nxb6 axb6 14. Bxc6
bxc6 15. Nxd4 Rxa2 16. Rxa2 Bxa2 17. Nxc6 Qa8 18. Ne7+ Kh8 19. Bxf6 gxf6 20. Qd4 1-0

[Event "Xtracon Chess Open 2019"]
[Site "Helsingor DEN"]
[Date "2019.07.22"]
[Round "4.83"]
[White "Nilsson, Patrik2"]
[Black "Valkama, Eero"]
[Result "1-0"]
[BlackTitle "FM"]
[WhiteElo "1932"]
[BlackElo "2286"]
[WhiteFideId "1708112"]
[BlackFideId "507555"]
[EventDate "2019.07.20"]

1. e4 e5 2. Nf3 Nc6 3. d4 exd4 4. Bc4 Bc5 5. c3 Nf6 6. e5 d5 7. Be2 Ne4 8. cxd4
Bb6 9. Nc3 O-O 10. O-O Be6 11. Be3 f6 12. Na4 Qe7 13. Nxb6 axb6 14. a3 fxe5 15.
Nxe5 Nxe5 16. dxe5 Rad8 17. Qc2 Bf5 18. Bd3 Qxe5 19. Rae1 Qf6 20. Qc1 Rd7 21. b4
Nd6 22. Rd1 Bxd3 23. Rxd3 Nf5 24. Bd2 Rc8 25. Rf3 Qg6 26. Re1 c5 27. Re5 Nh4 28.
Rg3 Qf6 29. Qe1 Qf7 30. Bg5 Ng6 31. Re6 Nf8 32. Re5 d4 33. Rf3 Qg6 34. Be7 d3
35. Ref5 Rdd8 36. Bxd8 Rxd8 37. Qe7 Qe8 38. Rxf8+ Qxf8 39. Rxf8+ Rxf8 40. Qe6+
Kh8 41. Kf1 h6 42. Qd6 Rc8 43. Qd7 Ra8 44. Qxd3 1-0

[Event "Xtracon Chess Open 2019"]
[Site "Helsingor DEN"]
[Date "2019.07.22"]
[Round "4.84"]
[White "Matthiesen, Martin"]
[Black "Hyldkrog, Lars"]
[Result "1-0"]
[WhiteTitle "FM"]
[BlackTitle "CM"]
[WhiteElo "2239"]
[BlackElo "1932"]
[WhiteFideId "1404067"]
[BlackFideId "1402781"]
[EventDate "2019.07.20"]

1. d4 Nf6 2. c4 e6 3. Nc3 Bb4 4. Qc2 O-O 5. a3 Bxc3+ 6. Qxc3 d6 7. Bg5 Nbd7 8.
e3 b6 9. f3 c5 10. dxc5 dxc5 11. Bd3 Bb7 12. Ne2 Re8 13. Rd1 Qe7 14. O-O h6 15.
Bh4 Rad8 16. Bc2 e5 17. Ba4 Bc8 18. f4 exf4 19. Bxf6 Qxf6 20. Qxf6 gxf6 21. Nxf4
Rf8 22. Bxd7 Bxd7 23. Nd5 Be6 24. Nxf6+ Kg7 25. Nd5 Rd7 26. e4 Rfd8 27. Rd3 Kf8
28. Rf6 Bxd5 29. cxd5 Kg7 30. Rf4 b5 31. Kf2 a5 32. Rg3+ Kh7 33. Rf6 b4 34. Ke3
bxa3 35. bxa3 Rb8 36. Kd3 Rb3+ 37. Kc4 Rxg3 38. hxg3 Kg7 39. Rf4 Rb7 40. e5 a4
41. Kxc5 Rb3 42. d6 Rxa3 43. d7 Rd3 44. Rd4 Rc3+ 45. Kd6 1-0

[Event "Xtracon Chess Open 2019"]
[Site "Helsingor DEN"]
[Date "2019.07.22"]
[Round "4.85"]
[White "Rosell, Sven"]
[Black "Andersen, Morten"]
[Result "0-1"]
[WhiteElo "1913"]
[BlackElo "2212"]
[WhiteFideId "1707760"]
[BlackFideId "1504908"]
[EventDate "2019.07.20"]

1. c4 e5 2. Nc3 Bb4 3. Qb3 a5 4. e3 Nf6 5. Nge2 O-O 6. a3 Bxc3 7. Nxc3 c6 8. Be2
d5 9. cxd5 cxd5 10. d4 Re8 11. O-O Nc6 12. dxe5 Nxe5 13. Bd2 Be6 14. Qa4 Nc4 15.
Bxc4 dxc4 16. Rad1 Qc7 17. f3 Bd7 18. Qc2 b5 19. Ne2 Qc5 20. Kh1 b4 21. e4 Bb5
22. a4 b3 23. Qc1 Bxa4 24. Be3 Qb4 25. Bd2 Qb8 26. Bc3 Ra6 27. Ng3 Bb5 28. Nf5
h6 29. e5 Rxe5 30. Qf4 Re8 31. Nd6 Re6 32. Be5 Qb6 33. Nf5 Nh5 34. Qg4 Rxe5 35.
Qxh5 Qf6 36. g4 a4 37. Nd4 Rxh5 38. gxh5 Bc6 39. Rc1 Qxd4 0-1

[Event "Xtracon Chess Open 2019"]
[Site "Helsingor DEN"]
[Date "2019.07.22"]
[Round "4.86"]
[White "Ben Porat, Zeev"]
[Black "Christensen, Lasse"]
[Result "0-1"]
[WhiteElo "1888"]
[BlackElo "2158"]
[WhiteFideId "2801051"]
[BlackFideId "1402056"]
[EventDate "2019.07.20"]

1. e4 c5 2. Nc3 Nc6 3. f4 g6 4. Nf3 Bg7 5. Bc4 e6 6. O-O Nge7 7. Qe1 a6 8. a4
Nb4 9. Qd1 d5 10. Be2 d4 11. Nb1 d3 12. cxd3 Nxd3 13. Bxd3 Qxd3 14. Re1 O-O 15.
Nc3 b6 16. Ra3 Qd7 17. Qc2 Nc6 18. Na2 Rd8 19. Kh1 Bb7 20. e5 Rac8 21. Ng5 Nb4
22. Nxb4 cxb4 0-1

[Event "Xtracon Chess Open 2019"]
[Site "Helsingor DEN"]
[Date "2019.07.22"]
[Round "4.87"]
[White "Fossan, Aleksander"]
[Black "Rygg, Andreas Gangstad"]
[Result "1-0"]
[WhiteElo "2155"]
[BlackElo "1923"]
[WhiteFideId "1519794"]
[BlackFideId "1527754"]
[EventDate "2019.07.20"]

1. e4 c5 2. c3 d5 3. exd5 Qxd5 4. d4 Nf6 5. Nf3 cxd4 6. cxd4 e6 7. Be2 Nc6 8.
O-O Bd6 9. Nc3 Qa5 10. a3 O-O 11. b4 Nxb4 12. Nb5 Qb6 13. Nxd6 Qxd6 14. axb4 Nd5
15. b5 Qb6 16. Ba3 Re8 17. Bc5 Qd8 18. Rxa7 Rxa7 19. Bxa7 Bd7 20. Bc5 Nc3 21.
Qd2 Nxb5 22. Rb1 b6 23. Ne5 bxc5 24. dxc5 Na3 25. Rd1 f6 26. Qxd7 Qxd7 27. Nxd7
Nc2 28. Bf3 e5 29. Bd5+ Kh8 30. Rb1 h6 31. c6 Nd4 32. c7 Rc8 33. Rb8 Rg8 34.
Rxg8+ Kh7 35. Nf8# 1-0

[Event "Xtracon Chess Open 2019"]
[Site "Helsingor DEN"]
[Date "2019.07.22"]
[Round "4.88"]
[White "Smeby, Ole"]
[Black "Jorgensen, Dennis"]
[Result "1/2-1/2"]
[WhiteElo "1887"]
[BlackElo "2140"]
[WhiteFideId "1503677"]
[BlackFideId "1408380"]
[EventDate "2019.07.20"]

1. d4 Nf6 2. c4 e6 3. Nf3 b6 4. e3 Bb7 5. Bd3 c5 6. Nc3 Be7 7. O-O cxd4 8. exd4
d5 9. Bf4 Nc6 10. Re1 Nb4 11. Be2 O-O 12. a3 Nc6 13. Rc1 Rc8 14. cxd5 Nxd5 15.
Nxd5 Qxd5 16. Bc4 Qf5 17. Be3 Rfd8 18. Qe2 Bf6 19. Red1 Ne7 20. Bd3 Be4 21. Rxc8
Rxc8 22. Bxe4 Qxe4 23. Qd3 Qxd3 24. Rxd3 Rc2 25. b4 Nd5 26. Bd2 Kf8 27. g3 Ke8
28. Kf1 Kd7 29. Ne5+ Bxe5 30. dxe5 Kc6 31. a4 Ra2 32. a5 Kb5 33. axb6 axb6 34.
h4 Kc4 35. Ke2 h5 36. Rf3 f6 37. exf6 gxf6 38. Kd1 b5 39. Ke1 f5 40. Kd1 Ra4 41.
Ke2 Nxb4 42. Rc3+ Kd4 43. Rb3 Kc5 44. Rc3+ Kd6 45. Rc8 Nc6 46. Rh8 Kd5 47. Rxh5
Nd4+ 48. Kf1 b4 49. Rh8 b3 50. Bc3 e5 51. Rb8 Kc4 52. Rc8+ Kd3 53. h5 Ra6 54.
Bb2 Ke4 55. Rb8 Rh6 56. Bxd4 exd4 57. Rxb3 Rxh5 58. Ke2 Rh2 59. Rf3 1/2-1/2

[Event "Xtracon Chess Open 2019"]
[Site "Helsingor DEN"]
[Date "2019.07.22"]
[Round "4.89"]
[White "Fjallheim, Leif Reinert"]
[Black "Guindy, Esmat Susanne"]
[Result "1-0"]
[BlackTitle "WFM"]
[WhiteElo "1883"]
[BlackElo "2132"]
[WhiteFideId "7201788"]
[BlackFideId "1401637"]
[EventDate "2019.07.20"]

1. d4 d5 2. Nc3 Nf6 3. Bf4 Bf5 4. f3 h6 5. g4 Bh7 6. e3 e6 7. Bd3 Bd6 8. Nge2 c6
9. Qd2 Qc7 10. Bxh7 Nxh7 11. Bxd6 Qxd6 12. h4 Nd7 13. e4 a6 14. e5 Qe7 15. Nd1
c5 16. Ne3 cxd4 17. Qxd4 g5 18. h5 O-O-O 19. O-O-O f6 20. exf6 Ndxf6 21. Qa7 Qc7
22. Rd3 Qb8 23. Rc3+ Kd7 24. Qb6 Rc8 25. Rb3 Rc7 26. Nd4 Re8 27. Rd1 Qc8 28. Kb1
Ke7 29. Ng2 Nf8 30. f4 gxf4 31. Nxf4 Kf7 32. Nd3 N8d7 33. Qd6 Nc5 34. Nxc5 Rxc5
35. Rf1 Kg7 36. Qe5 Qd8 37. Nxe6+ Rxe6 38. Qxe6 Rc7 39. Qe5 Rf7 40. Rbf3 Rf8 41.
g5 hxg5 42. Qxg5+ Kf7 43. Rxf6+ 1-0

[Event "Xtracon Chess Open 2019"]
[Site "Helsingor DEN"]
[Date "2019.07.22"]
[Round "4.90"]
[White "Haraldsson, Leif"]
[Black "Sigeman, Johan"]
[Result "1/2-1/2"]
[WhiteElo "1857"]
[BlackElo "2120"]
[WhiteFideId "1710648"]
[BlackFideId "1705601"]
[EventDate "2019.07.20"]

1. f4 c5 2. Nf3 Nc6 3. g3 g6 4. Bg2 Bg7 5. d3 d5 6. c3 Nf6 7. O-O O-O 8. Qc2 b6
9. Rd1 Bb7 10. Nbd2 Qc7 11. Nf1 Rad8 12. h3 e5 13. Kh1 Rfe8 14. Nh4 exf4 15.
Bxf4 Qe7 16. Re1 Nh5 17. Nf3 Nxf4 18. gxf4 d4 19. e3 dxe3 20. Rxe3 Qd6 21. Rxe8+
Rxe8 22. Qd2 Rd8 23. Rd1 Ba6 24. Ng3 Bh6 25. Ne2 Qxd3 26. Qxd3 Rxd3 27. Rxd3
Bxd3 28. Nc1 Be4 29. Ne2 Bd3 30. Nc1 Be4 31. Ne2 Ne7 32. Ng5 Bxg2+ 33. Kxg2 f6
34. Ne4 Kf7 35. Kf3 Ke6 36. Nf2 f5 37. h4 Bg7 38. h5 Bf6 39. hxg6 hxg6 40. Nh3
c4 41. Ng5+ Kd5 42. Ke3 Bxg5 43. fxg5 Ke5 44. Kf3 Nd5 45. Nd4 Nc7 46. Nc6+ Kd6
47. Nxa7 Ne6 48. Nc8+ Ke5 49. Nxb6 Nxg5+ 50. Ke3 Ne4 1/2-1/2

[Event "Xtracon Chess Open 2019"]
[Site "Helsingor DEN"]
[Date "2019.07.22"]
[Round "4.91"]
[White "Klings, Peter"]
[Black "Baliuniene, Margarita"]
[Result "1-0"]
[WhiteElo "2105"]
[BlackElo "1917"]
[WhiteFideId "4631234"]
[BlackFideId "12802760"]
[EventDate "2019.07.20"]

1. Nf3 d5 2. g3 Nf6 3. Bg2 e6 4. O-O c5 5. d3 Be7 6. Nbd2 Nc6 7. e4 dxe4 8. dxe4
O-O 9. e5 Nd5 10. Re1 Qc7 11. c3 Rd8 12. Qc2 b5 13. Qe4 Bb7 14. Nf1 Na5 15. Qg4
Nc4 16. h4 Kh8 17. N1h2 Rd7 18. h5 a5 19. a4 Ncb6 20. axb5 c4 21. Nd4 a4 22.
Nhf3 a3 23. Ng5 Bxg5 24. Qxg5 h6 25. Qd2 axb2 26. Rxa8+ Bxa8 27. Bxb2 Bb7 28.
Qe2 Rd8 29. Ba3 Nd7 30. Bd6 Qb6 31. Bf1 Rc8 32. Ra1 Qd8 33. Qd2 N7b6 34. Ra3 Ra8
35. Qb2 Na4 36. Qc2 Ndb6 37. Nc6 Qg5 38. Be2 f6 39. Ne7 f5 40. Ng6+ Kg8 41. Be7 1-0

[Event "Xtracon Chess Open 2019"]
[Site "Helsingor DEN"]
[Date "2019.07.22"]
[Round "4.92"]
[White "Lye, Sverre"]
[Black "Thybo, Thomas Sondergaard"]
[Result "0-1"]
[WhiteElo "1839"]
[BlackElo "2104"]
[WhiteFideId "1539353"]
[BlackFideId "1441299"]
[EventDate "2019.07.20"]

1. e4 c5 2. Nf3 Nf6 3. Nc3 d5 4. Bb5+ Bd7 5. Bxd7+ Qxd7 6. e5 Ne4 7. O-O Nxc3 8.
dxc3 e6 9. Bf4 Nc6 10. Qe2 Be7 11. c4 d4 12. Rfd1 Qc7 13. Bg3 g5 14. c3 h5 15.
h3 O-O-O 16. cxd4 g4 17. hxg4 hxg4 18. Nh2 Nxd4 19. Qe4 Rh5 20. b4 Rdh8 21. Rxd4
cxd4 22. Qxd4 Bxb4 23. Qxa7 Bc5 24. Qa4 f5 25. Rb1 R5h7 26. Qa8+ Qb8 27. Qa5 Qa7
28. Qb5 Rxh2 29. Bxh2 Bxf2+ 30. Kf1 g3 31. Rd1 gxh2 32. Qd7+ Kb8 33. Qd6+ Ka8
34. Qd8+ Rxd8 35. Rxd8+ Qb8 36. Rxb8+ Kxb8 37. Kxf2 h1=Q 38. g4 fxg4 39. c5 Kc7
40. c6 Kxc6 41. a4 Qf3+ 42. Kg1 g3 43. a5 Qf2+ 44. Kh1 Qf1# 0-1

[Event "Xtracon Chess Open 2019"]
[Site "Helsingor DEN"]
[Date "2019.07.22"]
[Round "4.93"]
[White "Molvig, Henrik"]
[Black "Meyer, Juergen"]
[Result "1/2-1/2"]
[WhiteTitle "CM"]
[WhiteElo "2099"]
[BlackElo "1889"]
[WhiteFideId "1402625"]
[BlackFideId "24661759"]
[EventDate "2019.07.20"]

1. d4 d5 2. c4 c6 3. Nf3 Nf6 4. Nc3 dxc4 5. a4 Bf5 6. e3 e6 7. Bxc4 Bb4 8. O-O
O-O 9. h3 h6 10. Qe2 Nbd7 11. e4 Bh7 12. e5 1/2-1/2

[Event "Xtracon Chess Open 2019"]
[Site "Helsingor DEN"]
[Date "2019.07.22"]
[Round "4.94"]
[White "Dew, Brian"]
[Black "Moller, Arne Vang"]
[Result "1/2-1/2"]
[WhiteTitle "FM"]
[WhiteElo "2094"]
[BlackElo "1872"]
[WhiteFideId "6000495"]
[BlackFideId "1406175"]
[EventDate "2019.07.20"]

1. e4 c5 2. Nf3 d6 3. d4 cxd4 4. Nxd4 Nf6 5. Nc3 a6 6. g3 e6 7. Bg2 Be7 8. h3
Qc7 9. Be3 Bd7 10. O-O O-O 11. g4 Nc6 12. g5 Ne8 13. Nde2 Ne5 14. b3 Ng6 15. f4
Bc6 16. Qe1 f6 17. Nd4 Bd7 18. f5 Rc8 19. fxe6 Bc6 20. Qg3 fxg5 21. Rxf8+ Nxf8
22. Nxc6 bxc6 23. Bxg5 Bxg5 24. Qxg5 Nxe6 25. Qf5 Qe7 26. Rd1 N8c7 27. Qf2 Rf8
28. Qd2 Qf6 29. Rf1 Qd4+ 30. Qxd4 Nxd4 1/2-1/2

[Event "Xtracon Chess Open 2019"]
[Site "Helsingor DEN"]
[Date "2019.07.22"]
[Round "4.96"]
[White "Rasmussen, Morten1"]
[Black "Liabotro, Ola"]
[Result "0-1"]
[WhiteElo "1816"]
[BlackElo "2081"]
[WhiteFideId "1410865"]
[BlackFideId "1512382"]
[EventDate "2019.07.20"]

1. d4 Nf6 2. c4 e6 3. g3 Bb4+ 4. Bd2 Qe7 5. Bg2 O-O 6. Nc3 d6 7. a3 Bxc3 8. Bxc3
Nbd7 9. e3 e5 10. Ne2 Re8 11. O-O e4 12. b4 c6 13. Qc2 d5 14. c5 b5 15. Bd2 Nf8
16. Nc3 Bg4 17. a4 a6 18. Ra3 Qe6 19. Rfa1 Rac8 20. axb5 axb5 21. Ra6 Qf5 22. f4
exf3 23. Qxf5 Bxf5 24. Bxf3 Ne6 25. Kf2 Ng5 26. Be2 Ng4+ 27. Bxg4 Bxg4 28. Ne2
Ne4+ 29. Ke1 h6 30. Nf4 g5 31. Nd3 Re6 32. Ra7 Rf6 33. Re7 Bh3 34. Raa7 Rf8 35.
Rec7 Rf1+ 36. Ke2 Rh1 37. Nf2 Rxh2 38. Be1 Nxg3+ 39. Kf3 Nf5 40. Rxc6 Re8 41.
Bd2 Bg2+ 42. Kg4 Bf1 43. Kf3 h5 44. Rf6 Nh4+ 45. Kg3 Rg2+ 0-1

[Event "Xtracon Chess Open 2019"]
[Site "Helsingor DEN"]
[Date "2019.07.22"]
[Round "4.97"]
[White "Loveid, Erik"]
[Black "Skjoldager, Mikael"]
[Result "1/2-1/2"]
[WhiteElo "1799"]
[BlackElo "2076"]
[WhiteFideId "1520067"]
[BlackFideId "1434314"]
[EventDate "2019.07.20"]

1. e4 c5 2. Nf3 d6 3. c3 Nf6 4. Be2 Nc6 5. d3 g6 6. h3 Bg7 7. Be3 O-O 8. O-O b6
9. Nbd2 Bb7 10. Re1 Rc8 11. Nf1 Qc7 12. Bf4 Qd7 13. Ng3 e5 14. Be3 d5 15. Qb1
Rc7 16. Rd1 d4 17. Bd2 a5 18. c4 Ne8 19. Qc1 Nd6 20. Nh2 f5 21. Bf3 f4 22. Ngf1
Qf7 23. a3 h5 24. g4 fxg3 25. fxg3 Bc8 26. Bg2 Qe8 27. Nf3 Rcf7 28. N1h2 Bd7 29.
Rf1 Qc8 30. Ng5 Rxf1+ 31. Bxf1 Nf7 32. h4 Nxg5 33. Bxg5 Bh3 34. Qd2 Be6 35. Bg2
Rf7 36. Rf1 Qd7 37. Rxf7 Bxf7 38. Nf3 Nd8 39. Bxd8 Qxd8 40. Qg5 Qf6 41. Qxf6
Bxf6 42. a4 Kg7 43. b3 Kf8 44. Bh3 Ke7 45. Kf2 Bg7 46. Bc8 Kf6 47. Ng5 Bg8 48.
Bb7 Bh6 49. Nf3 Be3+ 50. Kg2 Be6 51. Nh2 g5 52. Bc6 gxh4 53. gxh4 Bf4 54. Nf3
Bg4 55. Bb7 Bh6 56. Bc6 Bg7 57. Bb7 Ke7 58. Bd5 Bf6 59. Bb7 Kf8 60. Bc6 Kg7 61.
Bb7 Kh6 62. Bc6 Bxf3+ 1/2-1/2

[Event "Xtracon Chess Open 2019"]
[Site "Helsingor DEN"]
[Date "2019.07.22"]
[Round "4.98"]
[White "Machlik, Edit"]
[Black "Vehl, Tina"]
[Result "1-0"]
[WhiteElo "2075"]
[BlackElo "1823"]
[WhiteFideId "1513591"]
[BlackFideId "1418262"]
[EventDate "2019.07.20"]

1. d4 d5 2. c4 dxc4 3. e4 e5 4. Nf3 exd4 5. Bxc4 Nc6 6. O-O Be6 7. Bxe6 fxe6 8.
Qb3 Qd7 9. Qxb7 Rb8 10. Qa6 Nf6 11. Nbd2 Be7 12. a3 O-O 13. b4 Rb6 14. Qd3 Rd8
15. Rd1 e5 16. Qc4+ Kh8 17. Ng5 h6 18. Nf7+ Kh7 19. Nxd8 Nxd8 20. Qd3 Nf7 21.
Nc4 Rc6 22. Bd2 Qe6 23. Rac1 Qd7 24. f4 Re6 25. f5 Rc6 26. Re1 Ne8 27. Qg3 Bf6
28. b5 Rc5 29. a4 Ned6 30. Nxd6 cxd6 31. Qb3 Qc7 32. a5 Qb7 33. a6 Qd7 34. Rxc5
dxc5 35. b6 axb6 36. Qxb6 c4 37. a7 Qa4 38. Qa5 Qxa5 39. Bxa5 c3 40. Bxc3 dxc3
41. Rc1 Nd6 42. a8=Q 1-0